[Event "Niteroi op 3rd"]
[Site "Niteroi"]
[Date "2023.09.07"]
[Round "5"]
[White "Haddad Filho, Paulo Ibrahim"]
[Black "Santos, Mike Sperandio"]
[Result "1/2-1/2"]
[WhiteElo "1864"]
[BlackElo "1655"]
[PlyCount "70"]
[EventDate "2023.09.04"]
[EventType "swiss"]
[EventRounds "9"]
[EventCountry "BRA"]
[SourceTitle "EXT 2024"]
[Source "ChessBase"]
[SourceDate "2023.10.10"]
[SourceVersion "1"]
[SourceVersionDate "2023.10.10"]
[SourceQuality "1"]

1. d4 Nf6 2. Nf3 g6 3. c4 Bg7 4. Nc3 d5 5. cxd5 Nxd5 6. e4 Nxc3 7. bxc3 c5 8. Rb1 0-0 9. Be2 Bg4 10. h3 Bxf3 11. Bxf3 cxd4 12. cxd4 Bxd4 13. 0-0 Nc6 14. Rxb7 Qc8 15. Rb1 Rd8 16. Qe2 Ne5 17. Bg5 Nxf3+ 18. Qxf3 f6 19. Bf4 Qe6 20. a4 Kg7 21. Rb7 Rd7 22. Rxd7 Qxd7 23. a5 Qb5 24. Qa3 Bc5 25. Qa1 Rd8 26. e5 Bd4 27. exf6+ Bxf6 28. Qc1 Qf5 29. a6 Rc8 30. Qe3 Rc6 31. Bh6+ Kf7 32. Qxa7 Qc8 33. Qb7 Qxb7 34. axb7 Rb6 35. Be3 Rxb7 1/2-1/2

[Event "Niteroi op 3rd"]
[Site "Niteroi"]
[Date "2023.09.05"]
[Round "3"]
[White "De Albuquerque, Pedro Henrique Corr"]
[Black "Santos, Mike Sperandio"]
[Result "0-1"]
[WhiteElo "1894"]
[BlackElo "1655"]
[PlyCount "46"]
[EventDate "2023.09.04"]
[EventType "swiss"]
[EventRounds "9"]
[EventCountry "BRA"]
[SourceTitle "EXT 2024"]
[Source "ChessBase"]
[SourceDate "2023.10.10"]
[SourceVersion "1"]
[SourceVersionDate "2023.10.10"]
[SourceQuality "1"]

1. e4 c5 2. Nf3 d6 3. d4 cxd4 4. Nxd4 Nf6 5. Nc3 a6 6. a4 e5 7. Nf3 Be7 8. Bg5 Be6 9. Be2 Nbd7 10. 0-0 Qc7 11. Re1 0-0 12. Nd2 d5 13. exd5 Bxd5 14. Bg4 Bc6 15. Bxd7 Bxd7 16. Bxf6 Bxf6 17. Nd5 Qd8 18. Nc4 Bc6 19. Nxf6+ Qxf6 20. Nxe5 Rad8 21. Qg4 Rd2 22. Re2 Bf3 23. gxf3 Rxe2 0-1

[Event "Florianopolis op 9th"]
[Site "Florianopolis"]
[Date "2023.01.26"]
[Round "5"]
[White "Mayara Sibowicz, Giovanna"]
[Black "Santos, Mike Sperandio"]
[Result "0-1"]
[WhiteElo "1528"]
[BlackElo "1811"]
[PlyCount "60"]
[EventDate "2023.01.23"]
[EventType "swiss"]
[EventRounds "10"]
[EventCountry "BRA"]
[SourceTitle "CBM 212 Extra"]
[Source "ChessBase"]
[SourceDate "2023.03.31"]
[SourceVersion "1"]
[SourceVersionDate "2023.03.31"]
[SourceQuality "1"]

1. e4 c5 2. Nf3 d6 3. d4 cxd4 4. Nxd4 Nf6 5. Nc3 a6 6. Bc4 e6 7. 0-0 Be7 8. Be3 0-0 9. Nde2 b5 10. Bd3 Bb7 11. f3 Nc6 12. Ng3 Qc7 13. Nce2 Rac8 14. c4 bxc4 15. Bxc4 Ne5 16. Bb3 d5 17. Rc1 Qd6 18. Bf4 Rxc1 19. Nxc1 Qb6+ 20. Kh1 Ng6 21. Bg5 dxe4 22. Nxe4 Bxe4 23. fxe4 Nxe4 24. Bxe7 Nxe7 25. Qe2 Nf6 26. Nd3 Nf5 27. Ne5 Nd4 28. Qf2 Qd6 29. Nc4 Qc5 30. Rd1 Nxb3 0-1

[Event "Florianopolis op 9th"]
[Site "Florianopolis"]
[Date "2023.01.24"]
[Round "2"]
[White "Santos, Mike Sperandio"]
[Black "Nobre, Jose Adalberto Barb"]
[Result "1/2-1/2"]
[WhiteElo "1811"]
[BlackElo "1542"]
[PlyCount "71"]
[EventDate "2023.01.23"]
[EventType "swiss"]
[EventRounds "10"]
[EventCountry "BRA"]
[SourceTitle "CBM 212 Extra"]
[Source "ChessBase"]
[SourceDate "2023.03.31"]
[SourceVersion "1"]
[SourceVersionDate "2023.03.31"]
[SourceQuality "1"]

1. e4 c5 2. Nf3 Nc6 3. Bb5 g6 4. c3 Bg7 5. 0-0 d6 6. d4 a6 7. Bxc6+ bxc6 8. dxc5 d5 9. exd5 cxd5 10. Re1 Nf6 11. Ne5 0-0 12. Nc6 Qc7 13. Nxe7+ Kh8 14. Nxc8 Raxc8 15. Be3 Ne4 16. Bd4 Nxc5 17. Bxg7+ Kxg7 18. Qxd5 Rfd8 19. Qc4 Qb7 20. Qb4 Qxb4 21. cxb4 Nd3 22. Rd1 Nxb2 23. Re1 Nd3 24. Rd1 Nxb4 25. Nc3 Rxd1+ 26. Nxd1 Rd8 27. Ne3 Rd2 28. a4 Nd3 29. Rd1 Rxd1+ 30. Nxd1 Kf6 31. Kf1 Ke5 32. Ke2 Nc5 33. Nb2 Kd4 34. Kd2 Ne4+ 35. Ke2 Nc5 36. Kd2 1/2-1/2